Statistics for People of the 20th Century-Picture Quiz

Click here to take the quiz!

General Stats

  • This quiz has been taken 1,695 times
    (1,638 since last reset)
  • The average score is 10 of 15

Answer Stats

Answer% Correct
John F. Kennedy
99%
Nelson Mandela
97%
Marylon Monroe
94%
Queen Victoria
90%
Che Guevara
89%
Pele
85%
Alfred Hitchcock
74%
Charles De Gaulle
73%
David Bowie
73%
Andre the Giant
66%
Billie Jean King
48%
Jane Goodall
43%
Alan Turing
37%
Pablo Picasso
37%
Mustafa Kemal Atatürk
14%

Score Distribution

Percentile by Number Answered

Percent of People with Each Score

Your Score History

You have not taken this quiz since the last reset